Fast Typing to 100 - Twice - Statistics

General Stats
  • This quiz has been taken 399 times
  • The average score is 61 of 200
Answer Stats
# % Correct
1
100%
2
97%
3
96%
4
95%
5
94%
6
93%
7
93%
8
93%
9
92%
10
91%
11
90%
12
88%
13
87%
14
87%
15
86%
16
86%
17
86%
18
86%
19
86%
20
86%
21
85%
22
85%
23
83%
24
83%
25
83%
26
83%
27
82%
28
82%
29
81%
30
81%
31
81%
32
80%
33
78%
34
78%
35
78%
36
76%
37
75%
38
75%
39
75%
40
75%
41
74%
42
73%
43
72%
44
71%
45
70%
46
70%
47
69%
48
69%
49
67%
50
67%
51
65%
52
64%
53
63%
54
62%
55
61%
56
60%
57
59%
58
56%
59
54%
60
50%
61
48%
62
47%
63
46%
64
46%
65
45%
66
44%
67
42%
68
40%
69
38%
70
37%
71
34%
72
34%
73
34%
74
33%
75
31%
76
30%
77
30%
78
29%
79
29%
80
28%
81
27%
82
26%
83
26%
84
25%
85
24%
86
24%
87
24%
88
20%
89
19%
90
18%
91
16%
92
16%
93
16%
94
15%
95
15%
96
15%
97
15%
98
14%
99
13%
1
12%
100
12%
2
11%
3
11%
4
11%
5
11%
6
11%
7
10%
8
10%
9
9%
10
8%
11
7%
12
7%
13
7%
14
7%
15
6%
16
6%
17
5%
18
5%
19
5%
20
4%
21
4%
22
4%
23
3%
24
3%
25
3%
26
3%
27
3%
28
3%
29
2%
30
2%
31
1%
32
1%
33
1%
34
1%
35
1%
36
1%
37
1%
38
1%
39
1%
40
1%
41
1%
42
1%
43
1%
44
1%
45
1%
46
1%
47
1%
48
1%
49
1%
50
1%
51
1%
52
1%
53
1%
54
1%
55
1%
56
1%
57
1%
58
1%
59
1%
60
1%
61
1%
62
1%
63
1%
64
1%
65
1%
66
1%
67
1%
68
1%
69
1%
70
1%
71
1%
72
1%
73
1%
100
0%
74
0%
75
0%
76
0%
77
0%
78
0%
79
0%
80
0%
81
0%
82
0%
83
0%
84
0%
85
0%
86
0%
87
0%
88
0%
89
0%
90
0%
91
0%
92
0%
93
0%
94
0%
95
0%
96
0%
97
0%
98
0%
99
0%
No matching quizzes found
Score Distribution
Percent of People with Each Score
Percentile by Number Answered
Your Score History
You have not taken this quiz